Design of rotating electrical machines (Record no. 11686)

000 -LEADER
fixed length control field 00558cam a2200193 a 4500
020 ## - INTERNATIONAL STANDARD BOOK NUMBER
International Standard Book Number 9780470695166 (cloth)
082 00 - DEWEY DECIMAL CLASSIFICATION NUMBER
Classification number 621.31042
100 1# - MAIN ENTRY--PERSONAL NAME
Personal name Pyrhonen, Juha.
245 10 - TITLE STATEMENT
Title Design of rotating electrical machines
260 ## - PUBLICATION, DISTRIBUTION, ETC.
Place of publication, distribution, etc. Chichester, West Sussex, United Kingdom ;
-- Hoboken, NJ :
Name of publisher, distributor, etc. Wiley,
Date of publication, distribution, etc. c2008.
300 ## - PHYSICAL DESCRIPTION
Extent ix, 512 p. :
Other physical details ill. ;
650 #0 - SUBJECT ADDED ENTRY--TOPICAL TERM
Topical term or geographic name entry element Electric machinery
650 #0 - SUBJECT ADDED ENTRY--TOPICAL TERM
Topical term or geographic name entry element Electric generators
650 #0 - SUBJECT ADDED ENTRY--TOPICAL TERM
Topical term or geographic name entry element Electric motors
650 #0 - SUBJECT ADDED ENTRY--TOPICAL TERM
Topical term or geographic name entry element Rotational motion.
700 1# - ADDED ENTRY--PERSONAL NAME
Personal name Jokinen, Tapani,
700 1# - ADDED ENTRY--PERSONAL NAME
Personal name Hrabovcova, Valeria.
942 ## - ADDED ENTRY ELEMENTS (KOHA)
Koha item type Book
Holdings
Withdrawn status Lost status Damaged status Not for loan Collection code Permanent Location Current Location Shelving location Date acquired Source of acquisition Cost, normal purchase price Total Checkouts Full call number Barcode Date last seen Price effective from Koha item type
          Central Library (CL) Central Library (CL) General Stacks 04/10/2013 Multi-Line Books 10635.98   621.31042 PYR SEECS012202 12/05/2019 01/05/2017 Book
© 2023 Central Library, National University of Sciences and Technology. All Rights Reserved.